Nashville Predators Roster 2026 - Statistics

General Stats
  • This quiz has been taken 505 times
    86 since last reset
  • The average score is 13 of 24
Answer Stats
# Birthplace Player % Correct
Defencemen 59 Bern, SUI Roman Josi
98%
Forwards 9 Uppsala, SWE Filip Forsberg
93%
Forwards 91 Ontario, CAN Steven Stamkos
85%
Goaltenders 74 Kanta-Häme, FIN Juuse Saros
83%
Forwards 90 Ontario, CAN Ryan O'Reilly
83%
Forwards 81 Quebec, CAN Jonathan Marchessault
77%
Forwards 56 Satakunta, SWE Erik Haula
65%
Defencemen 76 Minnesota, USA Brady Skjei
63%
Goaltenders 29 Pohjois-Pohjanmaa, FIN Justus Annunen
55%
Forwards 40 Samara, RUS Fedor Svechkov
53%
Forwards 58 Ontario, CAN Michael Bunting
53%
Forwards 77 Ontario, CAN Luke Evangelista
52%
Forwards 47 Michigan, USA Michael McCarron
50%
Forwards 71 Alberta, CAN Matthew Wood
47%
Defencemen 41 Ontario, CAN Nicolas Hague
47%
Defencemen 20 Nova Scotia, CAN Justin Barron
45%
Forwards 36 Minnesota, USA Cole Smith
38%
Defencemen 37 Michigan, USA Nick Blankenburg
35%
Defencemen 48 Minnesota, USA Nicklaus Perbix
32%
Forwards 89 Alberta, CAN Ozzy Wiesblatt
32%
Forwards 17 Alberta, CAN Tyson Jost
30%
Defencemen 83 Södermanland, SWE Adam Wilsby
27%
Forwards 49 Alberta, CAN Reid Schaefer
23%
Defencemen 24 Illinois, USA Spencer Stastney
23%
No matching quizzes found
Score Distribution
Percent of People with Each Score
Percentile by Number Answered
Your Score History
You have not taken this quiz since the last reset